Сверхпроводящие выключатели для импульсных систем энергопитания электрофизических установок: диссертация на соискание ученой степени кандидата технических наук; спец. 01.04.20

Bibliografiske detaljer
Hovedforfatter: Мащенко А. И. Александр Иванович
Institution som forfatter: Томский политехнический институт (ТПИ) Научно-исследовательский институт ядерной физики (НИИ ЯФ)
Andre forfattere: Амелин Г. П. (научный руководитель)
Sprog:russisk
Udgivet: Томск, [Б. и.], 1988
Fag:
Format: MixedMaterials Bog
KOHA link:https://koha.lib.tpu.ru/cgi-bin/koha/opac-detail.pl?biblionumber=318956

MARC

LEADER 00000nbm0a2200000 4500
001 318956
005 20231102003130.0
035 |a (RuTPU)RU\TPU\book\344461 
090 |a 318956 
100 |a 20160513d1988 k y0rusy50 ca 
101 0 |a rus 
102 |a RU 
105 |a a m 001zy 
200 1 |a Сверхпроводящие выключатели для импульсных систем энергопитания электрофизических установок  |e диссертация на соискание ученой степени кандидата технических наук  |e спец. 01.04.20  |f А. И. Мащенко  |g Томский политехнический институт (ТПИ), Научно-исследовательский институт ядерной физики (НИИ ЯФ) ; науч. рук. Г. П. Амелин 
210 |a Томск  |c [Б. и.]  |d 1988 
215 |a 171 л.  |c ил. 
320 |a Библиогр.: с. 158-171 (126 назв.) 
606 1 |a Выключатели  |2 stltpush  |3 (RuTPU)RU\TPU\subj\75403  |9 87213 
606 1 |a Сверхпроводимость  |2 stltpush  |3 (RuTPU)RU\TPU\subj\54104  |9 72265 
610 1 |a электрофизические установки 
610 1 |a сверхпроводящие выключатели 
610 1 |a токовое управление 
610 1 |a магнитно-токовое управление 
610 1 |a исследование 
610 1 |a схемно-конструктивные варианты 
610 1 |a разработка 
610 1 |a анализ 
610 1 |a диссертации 
610 1 |a труды учёных ТПУ 
675 |a 621.316.542(04)  |v 3 
675 |a 538.94(04)  |v 3 
686 |a 01:04:20  |2 oksvnk 
700 1 |a Мащенко  |b А. И.  |c физик  |c старший научный сотрудник Томского политехнического университета, кандидат технических наук  |f 1953-  |g Александр Иванович  |2 stltpush  |3 (RuTPU)RU\TPU\pers\31397 
702 1 |a Амелин  |b Г. П.  |4 727 
712 0 2 |a Томский политехнический институт (ТПИ)  |b Научно-исследовательский институт ядерной физики (НИИ ЯФ)  |c (1975-1998)  |2 stltpush  |3 (RuTPU)RU\TPU\col\11922 
801 1 |a RU  |b 63413507  |c 20160513 
801 2 |a RU  |b 63413507  |c 20160520  |g RCR 
942 |c BK